| 000 | 00733nam a22001817a 4500 | ||
|---|---|---|---|
| 005 | 20260330101233.0 | ||
| 008 | 260327b |||||||| |||| 00| 0 eng d | ||
| 082 | _aUT 1566 D125 2021 | ||
| 100 |
_aDading, waren Kim C. _970262 |
||
| 245 |
_aLiquidity management among motor company businesses in digos city / _cWaren Kim C. Dading, Anthony R. Gudelos, and Edelyn C. Silva. |
||
| 260 |
_aDigos city : _bUMDC, _c©2021. |
||
| 300 |
_aviii, 61 pages : _billustration (some colors) : _c30 Cm. |
||
| 500 | _aIncludes references and appendices. | ||
| 650 | 0 |
_aBusiness Administration _xUndergraduate thesis. _970263 |
|
| 700 |
_aGudelos, Anthony R. _eresearcher. _970264 |
||
| 700 |
_aSilva, Edelyn C. _eresearcher. _970265 |
||
| 942 |
_2ddc _cUT |
||
| 999 |
_c24509 _d24509 |
||